000 02982nam0a2200421 4500
001 RU\NLR\BIBL_A\012665713
005 20260407112756.0
035 _a(NLR Aleph) 012665713
090 _a12769692
_c12769692
100 _a20210916d1903 |||y0rusy50 ca
101 0 _arus
102 _aRU
105 _ay z 000yy
181 0 _ai
_baxxe
182 0 _an
200 1 _aО расходе на усиление отряда для образования переселенческих участков на Кавказе
_eпредставление Министра Земледелия и Государственных Имущест по сему делу разослано Членам Государственного Совета в печатных экземплярах
_fГосударственный Совет в Департаменте Государственной Экономии. Министерство Земледелия и Государственных Имуществ. 27 ноября 1903 года. № 400
203 _aТекст
_bвизуальный
_cнепосредственный
210 _a[Санкт-Петербург
_cб. и.]
_d1903
215 _a4 с.
_d34
300 _aВ конце текста: Подписали: Граф Сольский, С. Марков 2, Ф. Тернер [и др.]; Скрепил: За Статс-Секретаря Тимрот
300 _aНа 1-й с.: MCCCXXVII
309 _aБез тит. л. и обл.
601 0 2 _aРоссия
_bМинистерство земледелия и государственных имуществ
_jДокументы и материалы
_92415702
_3RU\NLR\AUTH\6601657893
606 1 _aЗемлеустройство
_jДокументы и материалы
_yРоссия
_92131452
_3RU\NLR\AUTH\661589926
686 3 _aУ32(28)-212.113.2,011
686 3 _aУ32(28)-513,011
702 1 _4720
_8rus
_7ca
_aСольский
_bД. М.
_cгос. деятель
_f1833-1910
_gДмитрий Мартынович
_3RU\NLR\AUTH\7783181
_966109
702 1 _4720
_aМарков
_bС. В.
_cгос. деятель
_f1828-1907
_gСергей Владимирович
_9197570
_3RU\NLR\AUTH\770197621
702 1 _4720
_7ca
_8rus
_aТернер
_bФ. Г.
_cгос. деятель
_f1828-1906
_gФедор Густавович
_9156929
_3RU\NLR\AUTH\770156969
702 1 _4720
_7ca
_8rus
_aТимрот
_bА. Г.
_cгос. деятель
_f1865-1944
_gАлександр Григорьевич
_9256486
_3RU\NLR\AUTH\770256542
711 0 1 _aРоссия
_bМинистерство земледелия и государственных имуществ
_3RU\NLR\AUTH\889941169
_9377192
712 0 1 _4570
_aРоссия
_bДепартамент государственной экономии
_3RU\NLR\AUTH\889933514
_9362122
852 _aNLR
_j135/294-363 (133)
942 _cBOOK
980 _aNB